=LDR 00000nam 2200000 4500 =001 INLIS000000000036856 =005 20130612142622 =008 ***********************************Ind** =035 ##$$0010-061300000036856 =041 ##$$a Ind =082 ##$$a 641.8 =090 ##$$a 641.8, Nur s =100 ##$$a Nursaadah =245 ##$$a Snack goreng gurih layak jual, Nursaadah ; editor, Petra Aquina Budiarti =260 ##$$a 2011 $b Jakarta =300 ##$$a 47 hlm, ilus, 21 cm =650 ##$$a Kue-resep =850 ##$$a NBPNMAT =990 ##$$a 0001/BPAP-NTB/2015 =990 ##$$a 86108610 =990 ##$$a 01201708610 =990 ##$$a 0001/BPAP-NTB/2015